| 000 | 00831nam a2200241Ii 4500 | ||
|---|---|---|---|
| 999 |
_c1963 _d1963 |
||
| 001 | 2077245 | ||
| 003 | OSt | ||
| 005 | 20180922093554.0 | ||
| 008 | 760329s1975 cau 001 0 eng d | ||
| 035 | _a4910986 | ||
| 040 |
_aTXS _cTXS _dm.c. _dOSU |
||
| 082 |
_a239 _bM1382M |
||
| 090 |
_aBT1102 _b.M36 |
||
| 090 | 0 | 0 |
_aBT1102 _b.M36 |
| 100 | 1 |
_aMcDowell, Josh, _ecomp |
|
| 245 | 1 | 0 |
_aMore evidence that demands a verdict : _bhistorical evidences for the Christian scriptures / _ccompiled by Josh McDowell |
| 260 |
_a[San Bernardino, Calif. : _bCampus Crusade for Christ International, _cc1975] |
||
| 300 |
_axi, 365 p. ; _c24 cm |
||
| 500 | _aOn cover: "New sequel to Evidence that demands a verdict" | ||
| 504 | _aIncludes bibliographical references and indexes | ||
| 650 | 0 |
_aApologetics _xHistory _y20th century |
|
| 942 |
_2ddc _cBK |
||